000 00306nam a22001457a 4500
999 _c167598
_d167598
082 _a
_b
100 _aCohen Andrew D
245 _aLanguage learning strategies/
_cby Cohen Andrew D.
250 _a
260 _a
_bOxford,
_c2009.
300 _a336p.
600 _a
650 _a
942 _cBK